Cepat pandai Bahasa Inggeris : edisi kemas kini

Bibliographic Details
Main Author: Zuihaimi Ismail
Format: Book
Published: Selangor : PTS Millenia Sdn. Bhd , 2010
Series:Siri belajar cemerlang
Subjects:

MARC

LEADER 00000cam a2200000 7i4500
001 0000035910
005 20180612.0
008 130527
020 |a 9789833604791 
020 |a 983360479X 
090 0 0 |a 428.2   |b ZUL 
100 0 |a Zuihaimi Ismail 
245 1 0 |a Cepat pandai Bahasa Inggeris :   |b edisi kemas kini   |c Zuihaimi Ismail 
260 |a Selangor :   |b PTS Millenia Sdn. Bhd ,   |c 2010 
440 |a Siri belajar cemerlang 
650 0 |a English language   |x Coversation and phrase books 
650 0 |a English language   |x Grammar 
650 0 |a English language   |x Rhetoric 
999 |a 0001180916   |b Book   |c Adult Collection   |e Cawangan Bukit Gambir 
999 |a 0001180918   |b Book   |c Adult Collection   |e Cawangan Kota Tinggi 
999 |a 0001180919   |b Book   |c Adult Collection   |e Cawangan Tmn. Ungku Tun Aminah 
999 |a 0001180925   |b Book   |c Adult Collection   |e Cawangan Muar 
999 |a 0001180926   |b Book   |c Adult Collection   |e Cawangan Mersing 
999 |a 0001180927   |b Book   |c Adult Collection   |e Cawangan Bandar Tenggara 
999 |a 0001226489   |b Book   |c Adult Collection   |e Cawangan Bandar Penawar 
999 |a 0001226491   |b Book   |c Adult Collection   |e Cawangan Bandar Tenggara 
999 |a 0001226493   |b Book   |c Adult Collection   |e Cawangan Mersing 
999 |a 0001226494   |b Book   |c Adult Collection   |e Cawangan Tangkak 
999 |a 0001226495   |b Book   |c Adult Collection   |e Cawangan Muar 
999 |a 0001226498   |b Book   |c Adult Collection   |e Cawangan Bukit Gambir 
999 |a 0001226499   |b Book   |c Adult Collection   |e Cawangan Pontian 
999 |a 0001226502   |b Book   |c Adult Collection   |e Cawangan Segamat